000 00483nam a22001697a 4500
005 20221213145759.0
008 221213b ||||| |||| 00| 0 eng d
040 _cAL
041 _aEnglish
082 _223
_a324.2092
_bSHAF
100 _aSunil Shakdher
_965741
245 _aFresh Registration Forms Submitted to George Fernandes
260 _aNew Delhi
_bGovernment of India
_c2003
300 _a415 p.
_bHB
_c20x28 cm.
700 _aSHAKDHER (Sunil)
_965742
942 _2ddc
_cGF
999 _c225656
_d225656